| 000 | 00901nam a22002537a 4500 | ||
|---|---|---|---|
| 005 | 20170810102818.0 | ||
| 010 | _aENG-116052 | ||
| 020 |
_c795.00 _a9789352602261 |
||
| 020 |
_a9352602269 _c795.00 |
||
| 020 |
_a9789352602261 _c825.00 (AV) |
||
| 035 | _aEN-99584 | ||
| 035 | _aB-666150 | ||
| 037 | _bDBAD/PUB | ||
| 082 | _a000 | ||
| 100 | _aSharma, Arun | ||
| 245 |
_aHow to prepare verbal ability and reading comprehension for CAT / _cby Arun Sharma [and] Meenakshi Upadhyay |
||
| 250 | _aseventh edition | ||
| 260 |
_aNoida _bMcGraw Hill Education _c2017 |
||
| 270 |
_aB-4, Sector - 63, Gautam Budh Nagar, _bNoida (UP) _e201301 |
||
| 300 |
_aVarious pagings _c25cm(pbk) |
||
| 700 | _aUpadhyay, Meenakshi | ||
| 942 |
_2ddc _cEN _mSHA _h000 |
||
| 999 |
_c103463 _d103463 |
||